000 00337 a2200145 4500
001 155956
040 _cEscola São Tomás de Aquino
100 _aROSA, Antônio Vítor
240 1 0 _aAgricultura e meio ambiente
_lpor
245 1 0 _aAgricultura e meio ambiente
300 _a95
362 0 _a1998
697 _aCIÊNCIAS
942 _cBK
999 _c155956
_d155956